Districts of cayman islands with a map - Statistics

General Stats
  • This quiz has been taken 36 times
  • The average score is 4 of 7
Answers on the Map
Answers color-coded by a green-red scale on the quiz's map according to % correct below.
 
Answer Stats
Answer % Correct
Little Cayman
88%
Cayman Brac
75%
East End
75%
North Side
63%
George Town
50%
West Bay
50%
Bodden Town
38%
No matching quizzes found
Score Distribution
Percent of People with Each Score
Percentile by Number Answered
Your Score History
You have not taken this quiz